| 000 | 00754nam a2200217 a 4500 | ||
|---|---|---|---|
| 005 | 20220530091517.0 | ||
| 008 | 991125s1995 mx 000 0 spa u | ||
| 020 | _a9681643658 | ||
| 035 | _aUPN01000009346 | ||
| 040 |
_aMX-MxUPN _bspa _cMX-MxUPN |
||
| 050 | 4 |
_aQ111 _bC5 no.122 |
|
| 100 | 1 |
_aPeña, Antonio _eautor |
|
| 245 | 1 | 0 |
_aCómo funciona una célula : _bfisiología celular / _cAntonio Peña. |
| 260 |
_aMéxico : _bSecretaría de Educación Pública : _bFondo de Cultura Económica : _bConsejo Nacional de Ciencia y Tecnología, _c1995. |
||
| 300 |
_a121 páginas : _bilustraciones |
||
| 490 |
_aLa Ciencia desde México ; _v122 |
||
| 650 | 2 |
_aCélulas _96543 |
|
| 650 | 0 |
_aFisiología celular _944620 |
|
| 905 | _aLibro | ||
| 942 |
_2lcc _cLIBRO |
||
| 999 |
_c9346 _d9346 |
||